Größte Bundesländer in Deutschland - Statistiken

Allgemein
  • Dieses Quiz wurde 99 mal gespielt
  • Das Durchschnittsergebnis liegt bei 9 aus 10
Antwortstatistiken
Größe Bundesländer % Korrekt
70,552 Bayern
100%
35,752 Baden-Württemberg
97%
18,416 Sachsen
97%
34,085 Nordrhein-Westfalen
96%
23,180 Mecklenburg-Vorpommern
95%
47,609 Niedersachsen
93%
20,446 Sachsen-Anhalt
93%
29,480 Brandenburg
91%
21,115 Hessen
90%
19,853 Rheinland-Pfalz
89%
Keine übereinstimmenden Quizze gefunden
Verteilung der Resultate
Anzahl Personen mit jedem Resultat
Perzentil nach korrekt beantworteten Fragen
Ihre Resultats-Entwicklung
Sie haben dieses Quiz noch nicht gespielt